000 00275nam a2200109Ia 4500
008 220204s9999 xx 000 0 und d
082 _a339.1
_bMIC
100 _aMICHAELY, Michael
245 0 _aTheory of commercial policy
260 _aOxford
_bPhilip Allen
_c1977
942 _cBK
999 _c28022
_d28022